000 01852cam a22004577a 4500
003 CHAP
005 20220329141114.0
008 971014s1996 r 00010 d
010 _a62631
011 _a63603
035 _a67779
040 _cCHAP
082 _a630.83 I56
_bI56 Ver.
110 _aInstituto Nacional de Estadística, Geografía e Informática. México
_959304
245 0 _aIndicadores básicos censales
_b: Veracruz
260 _aAguascalientes, Ags. :
_bINEGI,
_c1996
300 _a378 p.
_b; anexos
_e+ 1 anexo (20 diagramas de universos)
590 _aBATCH-UPD
_b10
_c20130110
_lUCH01
_h1038
590 _aBATCH-UPD
_b10
_c20130410
_lUCH01
_h0639
590 _aBATCH-UPD
_b10
_c20130914
_lUCH01
_h0010
590 _aBATCH-UPD
_b10
_c20130914
_lUCH01
_h1651
590 _aCONVERSION
_b10
_c20130109
_lUCH01
_h1334
650 1 4 _aAgricultura
_xEstadisticas
_zVeracruz.
_91471
650 1 4 _aAgricultura
_zVeracruz.
_91941
650 1 4 _aBosques
_xEstadísticas
_xVeracruz.
_914165
650 1 4 _aCrédito agrícola
_xVeracruz.
_929084
650 1 4 _aCultivos
_xEstadísticas.
_930269
650 1 4 _aCultivos
_xVeracruz.
_930337
650 1 4 _aEjidos
_xVeracruz.
_936035
650 1 4 _aGanadería
_xEstadísticas
_zVeracruz.
_944730
650 1 4 _aGanadería
_zVeracruz.
_944870
650 1 4 _aMaquinaria agrícola
_xEstadísticas.
_971170
650 1 4 _aTierras
_xTenencia
_xVeracruz.
_9113209
790 _aCensos agropecuairos (7o), 1991
901 _aBK
942 _cLIBRO
949 _a630.83 I56 Ver.
_bBC
_cESP
_d-153163
_eESP
_fanexo
_h92325
_i67779
_sb
_t85.00
949 _a630.83 I56 Ver.
_bBC
_cESP
_d677792
_eESP
_fanexo c.2
_gDonaciØn
_h100491
_i67779
_sb
949 _a630.83 I56 Ver.
_bBC
_cINEGI
_d33724000686663
_eINEGI
_gI. c/e
_h92325
_i67779
_sb
_t85.00
949 _a630.83 I56 Ver.
_bBC
_cINEGI
_d33724000899720
_eINEGI
_fc.2
_gDonaciØn
_h100491
_i67779
_sb
999 _c62631
_d62631